| 000 | 00451nam a22001697a 4500 | ||
|---|---|---|---|
| 005 | 20180606124942.0 | ||
| 008 | 160430b xxu||||| |||| 00| 0 eng d | ||
| 020 | _a81-259-1087-5 | ||
| 041 | _aeng | ||
| 082 |
_b1023 _a651.3 |
||
| 100 |
_aMadon, DP Khorshed and Mc, Dowell Homai _94333 |
||
| 245 | _aOffice Administration & Management | ||
| 260 |
_bVikas Publishing house Pvt. Ltd. _c2005 |
||
| 300 | _a211 | ||
| 650 |
_aManagement _9241 |
||
| 942 | _cBK | ||
| 999 |
_c370 _d370 |
||